Logo BPK

Biblioteka

Politechniki Koszalińskiej

Pozostające naprężenia spawalnicze w wybranych stanach granicznych nośności / (Rekord nr 20094)

Szczegóły MARC
000 -ETYKIETA REKORDU
podpole kontrolne o stałej długości 00369nam a2200133 i 4500
001 - NUMER KONTROLNY REKORDU
pole kontrolne bg
040 ## - ŹRÓDŁO KATALOGOWANIA
Instytucja, która utworzyła rekord BPK
041 ## - KOD JĘZYKA
Kod języka tekstu pol
008 - POLE O STAŁEJ DŁUGOŚCI - DANE KONTROLNE
podpole kontrolne o stałej długości s pl f |000 0 pol
100 1# - NAZWA OSOBOWA
Nazwa osobowa RUKALAK, Kazimierz
245 #0 - TYTUŁ/ODPOWIEDZIALNOŚĆ
Tytuł Pozostające naprężenia spawalnicze w wybranych stanach granicznych nośności /
Pozostałe elementy strefy tytułu i oznaczenia odpowiedzialności Kazimierz Rukalak.
260 ## - STREFA ADRESU WYDAWNICZEGO
Miejsce wydania Wrocław,
Data publikacji, dystrybucji/powstania dokumentu 1981.
856 ## - LOKALIZACJA I DOSTĘP DO ELEKTRONICZNYCH DOKUMENTÓW ZDALNYCH
Link (URL) http://koha.tu.koszalin.pl/cgi-bin/koha/opac-detail.pl?biblionumber=20094
Tekst linku Katalog online BPK
942 ## - DODATKOWE ELEMENTY (KOHA)
Typ dokumentu Książka
Egzemplarze
Wycofany Status egzemplarza Uszkodzony Dostępność Lokalizacja stała Lokalizacja bieżąca Miejsce przechowywania Sygnatura Kod kreskowy Ostatnio wypożyczono Typ dokumentu
      Dostępny Biblioteka Politechniki Koszalińskiej Biblioteka Politechniki Koszalińskiej Wypożyczalnia BG 28341 01472172 18.12.2018 Książka
© 2023 Biblioteka Politechniki Koszalińskiej :: KOHA